|
|
|
|
| LEADER |
00000nam0a2200000 4500 |
| 001 |
58980 |
| 005 |
20231101211757.0 |
| 035 |
|
|
|a (RuTPU)RU\TPU\book\62316
|
| 035 |
|
|
|a RU\TPU\book\30319
|
| 090 |
|
|
|a 58980
|
| 100 |
|
|
|a 20031214d1986 m y0rusy50 ca
|
| 101 |
0 |
|
|a rus
|
| 102 |
|
|
|a RU
|
| 105 |
|
|
|a a j 001zy
|
| 200 |
1 |
|
|a Грузоподъемные машины
|e учебник для вузов
|f М. П. Александров [и др.]
|
| 205 |
|
|
|a 2-е изд., перераб.
|
| 210 |
|
|
|a Москва
|c Машиностроение
|d 1986
|
| 215 |
|
|
|a 399 с.
|c ил
|
| 225 |
1 |
|
|a Для вузов
|
| 320 |
|
|
|a Библиогр.: с. 394.
|
| 320 |
|
|
|a Предметный указ.: с. 395-397.
|
| 606 |
1 |
|
|a Грузоподъемные машины
|2 stltpush
|3 (RuTPU)RU\TPU\subj\72890
|9 86245
|
| 610 |
1 |
|
|a классификация
|
| 610 |
1 |
|
|a конструкции
|
| 610 |
1 |
|
|a расчет
|
| 610 |
1 |
|
|a механизмы
|
| 610 |
1 |
|
|a узлы
|
| 610 |
1 |
|
|a детали
|
| 610 |
1 |
|
|a приводы
|
| 610 |
1 |
|
|a тормоза
|
| 610 |
1 |
|
|a полиспасты
|
| 610 |
1 |
|
|a грузозахватные приспособления
|
| 610 |
1 |
|
|a остановы
|
| 610 |
1 |
|
|a динамическое нагружение
|
| 610 |
1 |
|
|a передвижные краны
|
| 610 |
1 |
|
|a устойчивость
|
| 610 |
1 |
|
|a эксплуатация
|
| 610 |
1 |
|
|a безопасность
|
| 610 |
1 |
|
|a учебники
|
| 675 |
|
|
|a 621.86(075.8)
|v 3
|
| 701 |
|
1 |
|a Александров
|b М. П.
|g Михаил Павлович
|
| 701 |
|
1 |
|a Колобов
|b Л. Н.
|g Леонид Николаевич
|
| 701 |
|
1 |
|a Лобов
|b Н. А.
|g Николай Александрович
|
| 701 |
|
1 |
|a Никольская
|b Т. А.
|
| 701 |
|
1 |
|a Полковников
|b В. С.
|
| 801 |
|
0 |
|a RU
|b 63413507
|c 20011209
|g PSBO
|
| 801 |
|
2 |
|a RU
|b 63413507
|c 20220719
|g PSBO
|
| 942 |
|
|
|c BK
|